[Event "EU-ch Schools U15"]
[Site "Tornelo INT"]
[Date "2021.12.10"]
[Round "2"]
[White "Apkhazava, Mikheil"]
[Black "Safarov, Deniel"]
[Result "0-1"]
[WhiteElo "1467"]
[BlackElo "1880"]
[PlyCount "154"]
[EventDate "2021.12.03"]
[EventType "swiss (rapid)"]
[EventRounds "7"]
[EventCountry "NET"]
[SourceTitle "EXT 2023"]
[Source "ChessBase"]
[SourceDate "2022.10.05"]
[SourceVersion "1"]
[SourceVersionDate "2022.10.05"]
[SourceQuality "1"]

1. d4 Nf6 2. e3 d5 3. f4 g6 4. Nf3 Bg7 5. Bd3 0-0 6. 0-0 c5 7. c3 b6 8. Bd2 Ba6 9. Bxa6 Nxa6 10. Be1 Nc7 11. Nbd2 c4 12. Bh4 Qd6 13. Qe2 Rfe8 14. Ne5 Nd7 15. e4 f6 16. Nxd7 Qxd7 17. exd5 b5 18. Rae1 Qxd5 19. Bg3 f5 20. Bh4 Bf6 21. Qf2 a5 22. Re2 Kf7 23. Rfe1 b4 24. Nf3 e6 25. Bxf6 Kxf6 26. Re5 Qd7 27. Qh4+ Kg7 28. g4 Nd5 29. Ng5 h6 30. Nxe6+ Kh7 31. g5 h5 32. Nc5 Qc6 33. Re6 Rxe6 34. Rxe6 Qc8 35. Qe1 Qc7 36. Qe5 Qxe5 37. fxe5 bxc3 38. bxc3 Nxc3 39. Re7+ Kg8 40. Nd7 Nd5 41. Re6 Rc8 42. Rxg6+ Kh7 43. Rh6+ Kg7 44. e6 c3 45. Ne5 c2 46. Nd3 c1Q+ 47. Nxc1 Rxc1+ 48. Kf2 Rc2+ 49. Kf3 Rc3+ 50. Kf2 Rc2+ 51. Ke1 Rxh2 52. e7 Nxe7 53. Re6 Kf7 54. Re5 Rxa2 55. d5 Ng6 56. Re6 Ra4 57. Rf6+ Kg7 58. d6 Rd4 59. Ke2 h4 60. Ke3 Rd5 61. Kf3 a4 62. Re6 a3 63. Re3 a2 64. Ra3 Rd3+ 65. Rxd3 a1Q 66. d7 Ne5+ 67. Ke3 Qa7+ 68. Ke2 Nxd7 69. Rd6 Ne5 70. Rf6 h3 71. Rxf5 h2 72. Rxe5 h1Q 73. Re6 Qh3 74. Re5 Qa2+ 75. Kd1 Qf1+ 76. Re1 Qd3+ 77. Kc1 Qdc2# 0-1

[Event "EU-ch Schools U15"]
[Site "Tornelo INT"]
[Date "2021.12.04"]
[Round "5"]
[White "Rakovsky, Jakub"]
[Black "Apkhazava, Mikheil"]
[Result "1-0"]
[WhiteElo "1878"]
[BlackElo "1467"]
[PlyCount "117"]
[EventDate "2021.12.03"]
[EventType "swiss (rapid)"]
[EventRounds "7"]
[EventCountry "NET"]
[SourceTitle "EXT 2023"]
[Source "ChessBase"]
[SourceDate "2022.10.05"]
[SourceVersion "1"]
[SourceVersionDate "2022.10.05"]
[SourceQuality "1"]

1. e4 d5 2. exd5 Nf6 3. Nc3 Nxd5 4. Nxd5 Qxd5 5. Nf3 Bg4 6. Be2 Nc6 7. d4 e6 8. c3 0-0-0 9. Bf4 f6 10. a3 g5 11. Be3 Qd7 12. b4 Bh6 13. h4 Rhg8 14. Qd2 Bxf3 15. Bxf3 Rde8 16. 0-0-0 a6 17. Kb2 Nd8 18. hxg5 Bxg5 19. Bxg5 fxg5 20. Rh6 Rg7 21. Rdh1 e5 22. d5 e4 23. Be2 Nc6 24. Qd1 Ne5 25. Qd4 Ng6 26. c4 Nf4 27. Qa7 Kd8 28. Bf1 e3 29. fxe3 Rxe3 30. Qa8+ Qc8 31. Qxc8+ Kxc8 32. Rxh7 Rxh7 33. Rxh7 Re1 34. Rh8+ Kd7 35. Rh7+ Kd6 36. Rh1 Nxg2 37. Bxg2 Re2+ 38. Kc3 Rxg2 39. Rh6+ Ke5 40. Rh7 Rg3+ 41. Kb2 Kd4 42. Rxc7 Rg2+ 43. Kb3 Rg3+ 44. Ka4 b5+ 45. cxb5 axb5+ 46. Kxb5 Rxa3 47. d6 Ke5 48. d7 Rd3 49. Rc5+ Kf4 50. Kc6 g4 51. b5 g3 52. b6 g2 53. Rc1 Kf3 54. b7 Kf2 55. b8Q Rc3+ 56. Rxc3 g1Q 57. Qb6+ Kf1 58. Qxg1+ Kxg1 59. d8Q 1-0

[Event "World Cup U14 Prel"]
[Site "Tornelo INT"]
[Date "2021.08.11"]
[Round "5"]
[White "Subramaniam, Ananth"]
[Black "Apkhazava, Mikheil"]
[Result "0-1"]
[WhiteElo "1055"]
[BlackElo "1405"]
[PlyCount "128"]
[EventDate "2021.08.11"]
[EventType "swiss (rapid)"]
[EventRounds "10"]
[EventCountry "NET"]
[SourceTitle "EXT 2025"]
[Source "ChessBase"]
[SourceDate "2024.10.14"]
[SourceVersion "1"]
[SourceVersionDate "2024.10.14"]
[SourceQuality "1"]

1. e4 d5 2. exd5 Nf6 3. Nc3 Nxd5 4. Nxd5 Qxd5 5. Nf3 Nc6 6. d4 Bg4 7. Be3 0-0-0 8. c3 e5 9. dxe5 Bxf3 10. Qxf3 Qxf3 11. gxf3 Nxe5 12. Be2 a6 13. f4 Nc6 14. Rd1 Bd6 15. Bh5 g6 16. Bg4+ f5 17. Bf3 Na5 18. b3 Rhe8 19. 0-0 Nc6 20. Bxc6 bxc6 21. Rd4 Kb7 22. Kg2 Rg8 23. Kf3 h6 24. Rg1 Be7 25. h3 Rd6 26. Rgd1 c5 27. Rd5 Rgd8 28. c4 Rxd5 29. cxd5 c6 30. dxc6+ Kxc6 31. Rc1 Kb5 32. a3 Rd3 33. Ke2 Rxb3 34. a4+ Kb4 35. Kd2 c4 36. Ra1 Bf6 37. Rc1 Rb2+ 38. Ke1 c3 39. Kd1 Kb3 40. a5 c2+ 41. Kd2 Bc3+ 42. Kd3 Bxa5 43. Bd4 Ra2 44. Bg7 h5 45. Be5 Bb6 46. f3 Bc5 47. Bf6 Ba3 48. Re1 c1Q 49. Rxc1 Bxc1 50. Be5 Rd2+ 51. Ke3 Rh2+ 52. Kd4 Rxh3 53. Kc5 Rxf3 54. Kb6 Bxf4 55. Bd4 h4 56. Kxa6 h3 57. Bg1 Rf1 58. Bd4 h2 59. Bf6 h1Q 60. Ka7 Qc6 61. Bc3 Be3+ 62. Bd4 Bxd4+ 63. Kb8 Be5+ 64. Ka7 Ra1# 0-1